The Encyclopedia of World Geography

Bibliographic Details
Other Authors: Bateman, Graham (Editor), Egan, Victoria (Editor)
Format: Book
Language:English
Published: Oxfordshire, England : Andromeda Book 1993
Subjects:

MARC

LEADER 00000cam a2200000 7i4500
001 0000006551
005 20241001.0
008 240321 enka eng
020 |a 1871869587 (hardback) 
040 |a INS   |b eng   |e rda 
090 0 0 |a RG133   |b .E482 1993 
245 1 4 |a The Encyclopedia of World Geography   |c Edited by Graham Bateman & Victoria Egan 
264 1 |a Oxfordshire, England :   |b Andromeda Book   |c 1993 
300 |a 512 pages :   |b colour illustrations ;   |c 31 cm. 
336 |a text  |2 rdacontent 
337 |a unmediated  |2 rdamedia 
338 |a volume  |2 rdacarrier 
500 |a Includes index 
650 0 |a Geography   |x Encyclopedias 
700 1 |a Bateman, Graham ,   |e editor 
700 1 |a Egan, Victoria ,   |e editor 
999 |a 0000007640   |b BOOK   |c Reference   |e Default branch